[Event "Olympiad-43"]
[Site "Batumi"]
[Date "2018.10.05"]
[Round "11.4"]
[White "Kim, Saebyeok"]
[Black "Anwuli, Daniel"]
[Result "0-1"]
[WhiteElo "1999"]
[BlackElo "2267"]
[PlyCount "44"]
[EventDate "2018.09.24"]
[EventType "team-swiss"]
[EventRounds "11"]
[EventCountry "GEO"]
[SourceTitle "CBM 187"]
[Source "ChessBase"]
[SourceDate "2018.12.11"]
[SourceVersion "1"]
[SourceVersionDate "2018.12.11"]
[SourceQuality "1"]
[WhiteTeam "South Korea"]
[BlackTeam "Nigeria"]
[WhiteTeamCountry "KOR"]
[BlackTeamCountry "NGR"]

1. e4 c5 2. Nf3 e6 3. d4 cxd4 4. Nxd4 a6 5. c4 Nf6 6. Nc3 Bb4 7. e5 Ne4 8. Qd3 Qa5 9. Qxe4 Bxc3+ 10. bxc3 Qxc3+ 11. Kd1 Qxa1 12. Nc2 Qxa2 13. Ba3 Nc6 14. Kd2 Qb3 15. Bd6 b5 16. h4 bxc4 17. Bxc4 Qb6 18. Qf4 Ne7 19. g4 Ng6 20. Qg3 Qc6 21. Rh3 Qxc4 22. h5 Qf4+ 0-1

[Event "Olympiad-43"]
[Site "Batumi"]
[Date "2018.10.04"]
[Round "10.3"]
[White "Lopez Azambuja, Nicolas"]
[Black "Kim, Saebyeok"]
[Result "1-0"]
[WhiteElo "2322"]
[BlackElo "1999"]
[PlyCount "85"]
[EventDate "2018.09.24"]
[EventType "team-swiss"]
[EventRounds "11"]
[EventCountry "GEO"]
[SourceTitle "CBM 187"]
[Source "ChessBase"]
[SourceDate "2018.12.11"]
[SourceVersion "1"]
[SourceVersionDate "2018.12.11"]
[SourceQuality "1"]
[WhiteTeam "Uruguay"]
[BlackTeam "South Korea"]
[WhiteTeamCountry "URU"]
[BlackTeamCountry "KOR"]

1. d4 Nf6 2. Nf3 e6 3. e3 c5 4. Bd3 b6 5. 0-0 Ba6 6. Bxa6 Nxa6 7. c4 Be7 8. d5 Qb8 9. Nc3 0-0 10. e4 d6 11. Bg5 e5 12. Qd2 Qd8 13. h3 Nc7 14. a3 Nh5 15. Be3 f5 16. exf5 Rxf5 17. Qe2 Nf4 18. Bxf4 Rxf4 19. Nd2 Qd7 20. b4 Raf8 21. Nde4 Ne8 22. Rab1 g5 23. bxc5 bxc5 24. Rb8 Ng7 25. Rfb1 Rxb8 26. Rxb8+ Rf8 27. Qb2 Rxb8 28. Qxb8+ Kf7 29. Nb5 Nf5 30. Qxa7 Qxa7 31. Nxa7 Ke8 32. Nc8 h6 33. g4 Nd4 34. Ncxd6+ Bxd6 35. Nxd6+ Kd7 36. Ne4 Nb3 37. Kf1 Kc7 38. Ke2 Kb6 39. Kd3 Nd4 40. Ng3 Nf3 41. Nf5 Ng1 42. Nxh6 Nxh3 43. Ke4 1-0

[Event "Olympiad-43"]
[Site "Batumi"]
[Date "2018.10.03"]
[Round "9.4"]
[White "Al Aqrabi, Saleh"]
[Black "Kim, Saebyeok"]
[Result "1/2-1/2"]
[WhiteElo "2158"]
[BlackElo "1999"]
[PlyCount "173"]
[EventDate "2018.09.24"]
[EventType "team-swiss"]
[EventRounds "11"]
[EventCountry "GEO"]
[SourceTitle "CBM 187"]
[Source "ChessBase"]
[SourceDate "2018.12.11"]
[SourceVersion "1"]
[SourceVersionDate "2018.12.11"]
[SourceQuality "1"]
[WhiteTeam "Yemen"]
[BlackTeam "South Korea"]
[WhiteTeamCountry "YEM"]
[BlackTeamCountry "KOR"]

1. d4 Nf6 2. c4 c5 3. Nf3 cxd4 4. Nxd4 g6 5. Nc3 Nc6 6. e4 d6 7. Be2 Nxd4 8. Qxd4 Bg7 9. Be3 0-0 10. Qd2 Be6 11. Rc1 Qa5 12. 0-0 Rfc8 13. b3 a6 14. f3 b5 15. Nd5 Qxd2 16. Bxd2 Nxd5 17. cxd5 Bd4+ 18. Kh1 Bd7 19. Rxc8+ Rxc8 20. Rc1 Rxc1+ 21. Bxc1 Kf8 22. Bd2 e6 23. g4 exd5 24. exd5 Ke7 25. Kg2 f5 26. gxf5 Bxf5 27. a4 Bd7 28. axb5 Bxb5 29. Bxb5 axb5 30. f4 Bc5 31. Bc3 Be3 32. Kf3 Bg1 33. h3 Bc5 34. Ke4 Kf7 35. Kf3 Ba3 36. Kg4 Bc5 37. f5 Be3 38. Kf3 Bc5 39. Ke4 Bb6 40. fxg6+ Kxg6 41. Bb4 Bc7 42. Kf4 Kf6 43. Ba3 Kg6 44. Bb4 Kf6 45. h4 h5 46. Ke4 Kg6 47. Ba3 Kf6 48. Bc1 Bb6 49. Bg5+ Kg6 50. b4 Bc7 51. Kf4 Bb6 52. Be7 Bc7 53. Ke4 Bb8 54. Bd8 Ba7 55. Bc7 Bf2 56. Bxd6 Bxh4 57. Bc5 Kf7 58. Kf5 Bd8 59. Ke5 h4 60. d6 h3 61. Bg1 Bh4 62. Kd5 Bg3 63. d7 Ke7 64. Kc6 h2 65. Bc5+ Ke6 66. d8Q h1Q+ 67. Kxb5 Qb7+ 68. Kc4 Qe4+ 69. Bd4 Qc6+ 70. Kd3 Qf3+ 71. Kc2 Qe2+ 72. Kb3 Qd3+ 73. Kb2 Qd2+ 74. Ka3 Qd3+ 75. Ka4 Qa6+ 76. Qa5 Qxa5+ 77. bxa5 Kd7 78. a6 Kc7 79. Ba7 Be1 80. Kb5 Bg3 81. Kb4 Be5 82. Kc5 Bd6+ 83. Kd5 Bb4 84. Kc4 Be1 85. Kb5 Bd2 86. Bf2 Kb8 87. Kb6 1/2-1/2

[Event "Olympiad-43"]
[Site "Batumi"]
[Date "2018.09.30"]
[Round "6.55"]
[White "Prasitsoonthorn, Teerachoti"]
[Black "Kim, Saebyeok"]
[Result "1-0"]
[WhiteElo "1830"]
[BlackElo "1999"]
[PlyCount "67"]
[EventDate "2018.09.24"]
[EventType "team-swiss"]
[EventRounds "11"]
[EventCountry "GEO"]
[SourceTitle "CBM 187"]
[Source "ChessBase"]
[SourceDate "2018.12.11"]
[SourceVersion "1"]
[SourceVersionDate "2018.12.11"]
[SourceQuality "1"]
[WhiteTeam "Thailand"]
[BlackTeam "South Korea"]
[WhiteTeamCountry "THA"]
[BlackTeamCountry "KOR"]

1. e4 c5 2. Nf3 a6 3. c4 Nc6 4. d4 cxd4 5. Nxd4 e5 6. Nc2 Nf6 7. Nc3 Bc5 8. Be2 d6 9. 0-0 Be6 10. b4 Bd4 11. Nxd4 exd4 12. Nd5 Nxe4 13. Qc2 Nf6 14. Bg5 h6 15. Bxf6 gxf6 16. Rfe1 Kf8 17. Rad1 Rc8 18. Nf4 Bd7 19. a3 b5 20. Qb3 Rg8 21. cxb5 axb5 22. Bh5 Rg7 23. Qd5 Qc7 24. Rc1 Qb8 25. h4 Re8 26. Rxe8+ Qxe8 27. Qxd6+ Kg8 28. Qxf6 Ne5 29. Nd5 d3 30. Ne7+ Kf8 31. Nf5 Bxf5 32. Qxf5 Nc6 33. Qxb5 Nd4 34. Qc5+ 1-0

[Event "Olympiad-42"]
[Site "Baku"]
[Date "2016.09.13"]
[Round "11.3"]
[White "Kim, Saebyeok"]
[Black "Al Huwar, Jasem"]
[Result "1/2-1/2"]
[WhiteElo "1950"]
[BlackElo "2291"]
[PlyCount "72"]
[EventDate "2016.09.02"]
[EventType "team-swiss"]
[EventRounds "11"]
[EventCountry "AZE"]
[SourceTitle "CBM 175"]
[Source "ChessBase"]
[SourceDate "2016.11.10"]
[SourceVersion "1"]
[SourceVersionDate "2016.11.10"]
[SourceQuality "1"]
[WhiteTeam "South Korea"]
[BlackTeam "United Arab Emirates"]
[WhiteTeamCountry "KOR"]
[BlackTeamCountry "UAE"]

1. e4 g6 2. d4 Bg7 3. Nc3 d6 4. Be3 c6 5. a4 Nf6 6. h3 0-0 7. g3 e5 8. Nge2 exd4 9. Bxd4 Re8 10. Bg2 Qc7 11. 0-0 Be6 12. Re1 Nbd7 13. b3 Rad8 14. Qd2 Nf8 15. Rad1 Bc8 16. a5 b6 17. axb6 axb6 18. Nf4 Qb8 19. Qe3 c5 20. Bxf6 Bxf6 21. Ncd5 Bg7 22. b4 Ne6 23. bxc5 bxc5 24. Qa3 Bb7 25. Rb1 Nxf4 26. Nxf4 Qc8 27. Qb3 Bc6 28. Qc4 Qa8 29. Nd5 Qa5 30. Red1 Kf8 31. Kh2 Rb8 32. Rxb8 Rxb8 33. Nf4 Rb4 34. Qe2 Rd4 35. Rxd4 Bxd4 36. Nd5 Bxd5 1/2-1/2

[Event "Olympiad-42"]
[Site "Baku"]
[Date "2016.09.06"]
[Round "5.3"]
[White "Kim, Saebyeok"]
[Black "Cox, Valentine"]
[Result "1-0"]
[WhiteElo "1950"]
[BlackElo "1867"]
[PlyCount "117"]
[EventDate "2016.09.02"]
[EventType "team-swiss"]
[EventRounds "11"]
[EventCountry "AZE"]
[SourceTitle "CBM 175"]
[Source "ChessBase"]
[SourceDate "2016.11.10"]
[SourceVersion "1"]
[SourceVersionDate "2016.11.10"]
[SourceQuality "1"]
[WhiteTeam "South Korea"]
[BlackTeam "Bahamas"]
[WhiteTeamCountry "KOR"]
[BlackTeamCountry "BAH"]

1. e4 c5 2. Nf3 d6 3. d4 cxd4 4. Nxd4 Nf6 5. Nc3 a6 6. Be3 e5 7. Nb3 Be6 8. f3 Be7 9. Qd2 0-0 10. 0-0-0 Nbd7 11. g4 b5 12. Rg1 Nb6 13. Na5 Qc7 14. g5 Nh5 15. Kb1 Rac8 16. Qf2 Nd7 17. Nb3 Rb8 18. Nd5 Bxd5 19. exd5 a5 20. Qd2 b4 21. Rg4 a4 22. Rc4 Qd8 23. Nc1 Nf4 24. Bxf4 exf4 25. Qxf4 a3 26. Rxb4 axb2 27. Nb3 Ne5 28. Rxb8 Qxb8 29. Qe3 Qa8 30. f4 Qa3 31. Qc3 Ra8 32. Qxb2 Qxb2+ 33. Kxb2 Ng4 34. Be2 Nf2 35. Rd4 f5 36. a4 Bd8 37. Bb5 Bb6 38. Rb4 Be3 39. Bc6 Rd8 40. a5 Ne4 41. a6 Rf8 42. c3 Nc5 43. Nxc5 Bxc5 44. Rb5 Ba7 45. Rb7 Rb8 46. Bd7 Ra8 47. Bxf5 Be3 48. Bd3 Kf8 49. Kb3 h6 50. g6 Ra7 51. Kb4 Ke8 52. Kb5 Rxb7+ 53. axb7 Ba7 54. Kc6 Bb8 55. f5 Ke7 56. c4 Ke8 57. c5 dxc5 58. d6 h5 59. f6 1-0

[Event "Olympiad-42"]
[Site "Baku"]
[Date "2016.09.05"]
[Round "4.3"]
[White "Niraula, Bhupendra"]
[Black "Kim, Saebyeok"]
[Result "0-1"]
[WhiteElo "2071"]
[BlackElo "1950"]
[PlyCount "70"]
[EventDate "2016.09.02"]
[EventType "team-swiss"]
[EventRounds "11"]
[EventCountry "AZE"]
[SourceTitle "CBM 175"]
[Source "ChessBase"]
[SourceDate "2016.11.10"]
[SourceVersion "1"]
[SourceVersionDate "2016.11.10"]
[SourceQuality "1"]
[WhiteTeam "Nepal"]
[BlackTeam "South Korea"]
[WhiteTeamCountry "NEP"]
[BlackTeamCountry "KOR"]

1. e4 c5 2. Nc3 Nc6 3. f4 g6 4. Nf3 Bg7 5. Bb5 Nd4 6. 0-0 a6 7. Bd3 d6 8. Ne2 Nxf3+ 9. Rxf3 d5 10. exd5 Qxd5 11. c4 Qd6 12. f5 Nh6 13. Ng3 Ng4 14. Qe2 Ne5 15. Re3 Nxd3 16. Rxd3 Bd4+ 17. Kh1 gxf5 18. Rf3 f4 19. Ne4 Qe5 20. d3 Bg4 21. Qf1 Bxf3 22. Qxf3 f5 23. Qh5+ Kd8 24. Bxf4 Qxf4 25. Ng5 Qg4 26. Qh6 Rg8 27. Ne6+ Ke8 28. Qd2 Be3 29. Qc2 Kd7 30. Re1 f4 31. d4 Qxe6 32. dxc5 Qg6 33. Qd1+ Kc7 34. Qf3 Qc6 35. Qe2 Rad8 0-1

[Event "Olympiad-42"]
[Site "Baku"]
[Date "2016.09.02"]
[Round "1.4"]
[White "Kim, Saebyeok"]
[Black "Fernandez, Fernando"]
[Result "0-1"]
[WhiteElo "1950"]
[BlackElo "2410"]
[PlyCount "86"]
[EventDate "2016.09.02"]
[EventType "team-swiss"]
[EventRounds "11"]
[EventCountry "AZE"]
[SourceTitle "CBM 175"]
[Source "ChessBase"]
[SourceDate "2016.11.10"]
[SourceVersion "1"]
[SourceVersionDate "2016.11.10"]
[SourceQuality "1"]
[WhiteTeam "South Korea"]
[BlackTeam "Peru"]
[WhiteTeamCountry "KOR"]
[BlackTeamCountry "PER"]

1. e4 c5 2. Nf3 d6 3. d4 cxd4 4. Nxd4 Nf6 5. Nc3 a6 6. Be3 e6 7. f3 b5 8. Qd2 Nbd7 9. g4 h6 10. 0-0-0 Qc7 11. h4 b4 12. Nce2 d5 13. exd5 Nxd5 14. Nf4 Bb7 15. Kb1 Nxe3 16. Qxe3 Qb6 17. Nfe2 Bc5 18. Qd2 0-0-0 19. Bg2 Ne5 20. Qf4 Qc7 21. Qg3 Nc4 22. Qxc7+ Kxc7 23. Nb3 Bb6 24. Rd3 Ne3 25. Rh2 Rxd3 26. cxd3 Nxg2 27. Rxg2 Bxf3 28. Rh2 Bxg4 29. Ned4 Rd8 30. Rc2+ Kb7 31. Rc4 Rd5 32. Rxb4 e5 33. Nc2 Bf5 34. a4 a5 35. Rc4 Rxd3 36. Nc5+ Bxc5 37. Rxc5 Rd2 38. Rxe5 Rd1+ 39. Ka2 Bxc2 40. Re7+ Kb6 41. Rxf7 Rd4 42. b3 Rxh4 43. Rxg7 Rh3 0-1

[Event "Olympiad-41"]
[Site "Tromsoe"]
[Date "2014.08.14"]
[Round "11.2"]
[White "Winter Atwell, Adrian"]
[Black "Kim, Saebyeok"]
[Result "0-1"]
[WhiteElo "2110"]
[BlackElo "1873"]
[PlyCount "88"]
[EventDate "2014.08.02"]
[EventType "team-swiss"]
[EventRounds "11"]
[EventCountry "NOR"]
[SourceTitle "CBM 162"]
[Source "ChessBase"]
[SourceDate "2014.09.17"]
[SourceVersion "1"]
[SourceVersionDate "2014.09.17"]
[SourceQuality "1"]
[WhiteTeam "Trinidad and Tobago"]
[BlackTeam "South Korea"]
[WhiteTeamCountry "TRI"]
[BlackTeamCountry "KOR"]

1. e4 c5 2. c3 d6 3. d4 Nf6 4. Bd3 g6 5. Nf3 Bg7 6. h3 Qc7 7. 0-0 0-0 8. Be3 b6 9. Re1 e5 10. Nbd2 exd4 11. cxd4 Nc6 12. Rc1 Re8 13. a3 a5 14. Bb5 Bd7 15. Bc4 h6 16. Qb3 Bc8 17. Bb5 Ba6 18. Bxc6 Qxc6 19. e5 dxe5 20. dxc5 b5 21. Qc2 a4 22. Red1 Rad8 23. b3 axb3 24. Nxb3 Nd5 25. Bd2 Rc8 26. Na5 Qc7 27. Qa2 Ne7 28. c6 e4 29. Nh2 Red8 30. Ng4 Nf5 31. Bb4 h5 32. Rxd8+ Rxd8 33. Ne3 Nxe3 34. fxe3 Rd3 35. Nb3 Qg3 36. Be1 Qxe3+ 37. Bf2 Qg5 38. c7 Bc8 39. h4 Qf4 40. Rf1 Be5 41. g3 Qg4 42. Nc1 Bxg3 43. Ne2 Bxc7+ 44. Bg3 Be6 0-1

[Event "Olympiad-41"]
[Site "Tromsoe"]
[Date "2014.08.11"]
[Round "9.2"]
[White "Kim, Saebyeok"]
[Black "Van de Seijp, Quintin"]
[Result "0-1"]
[WhiteElo "1873"]
[BlackElo "1883"]
[PlyCount "92"]
[EventDate "2014.08.02"]
[EventType "team-swiss"]
[EventRounds "11"]
[EventCountry "NOR"]
[SourceTitle "CBM 162"]
[Source "ChessBase"]
[SourceDate "2014.09.17"]
[SourceVersion "1"]
[SourceVersionDate "2014.09.17"]
[SourceQuality "1"]
[WhiteTeam "South Korea"]
[BlackTeam "Aruba"]
[WhiteTeamCountry "KOR"]
[BlackTeamCountry "ARN"]

1. e4 e6 2. d4 d5 3. Nd2 Nf6 4. e5 Nfd7 5. Bd3 c5 6. c3 Nc6 7. Ne2 cxd4 8. cxd4 f6 9. exf6 Nxf6 10. 0-0 Bd6 11. Nf3 0-0 12. Bf4 Bxf4 13. Nxf4 Qd6 14. Ne2 Ng4 15. h3 Rxf3 16. hxg4 Rf7 17. Qd2 e5 18. dxe5 Nxe5 19. f3 Nxd3 20. Qxd3 Bd7 21. Nd4 Re8 22. Rad1 Rf6 23. g5 Rf4 24. Kf2 Ref8 25. g3 Rg4 26. f4 Rxg5 27. Rh1 Bf5 28. Qe3 Be4 29. Rh4 Rg6 30. Rd2 Rgf6 31. Ne2 Qb6 32. Qxb6 Rxb6 33. Ke3 Re8 34. Kf2 Rbe6 35. Nc3 a6 36. Rh5 g6 37. Rh2 Rd6 38. g4 d4 39. Ne2 d3 40. Ng3 Bc6 41. f5 Bb5 42. b3 Rd4 43. Rh4 Rf4+ 44. Kg2 Re2+ 45. Nxe2 dxe2 46. Rd8+ Kg7 0-1

[Event "Olympiad-41"]
[Site "Tromsoe"]
[Date "2014.08.08"]
[Round "6.3"]
[White "Milos, Gilberto"]
[Black "Kim, Saebyeok"]
[Result "1-0"]
[WhiteElo "2583"]
[BlackElo "1873"]
[PlyCount "73"]
[EventDate "2014.08.02"]
[EventType "team-swiss"]
[EventRounds "11"]
[EventCountry "NOR"]
[SourceTitle "CBM 162"]
[Source "ChessBase"]
[SourceDate "2014.09.17"]
[SourceVersion "1"]
[SourceVersionDate "2014.09.17"]
[SourceQuality "1"]
[WhiteTeam "Brazil"]
[BlackTeam "South Korea"]
[WhiteTeamCountry "BRA"]
[BlackTeamCountry "KOR"]

1. c4 c5 2. Nf3 g6 3. d4 cxd4 4. Nxd4 Nc6 5. e4 Bg7 6. Be3 Nf6 7. Nc3 0-0 8. Be2 d6 9. 0-0 Bd7 10. Qd2 Nxd4 11. Bxd4 Bc6 12. Bd3 Nd7 13. Bxg7 Kxg7 14. Rad1 Rc8 15. Rfe1 Qa5 16. Re3 Qg5 17. h4 Qh6 18. Be2 Ne5 19. g3 f6 20. Qd4 b6 21. Nd5 Bxd5 22. exd5 Rc7 23. f4 Nf7 24. Re1 Nd8 25. Kg2 Kg8 26. h5 f5 27. Bd1 Rf7 28. Ba4 g5 29. Rf1 g4 30. Rfe1 Rg7 31. Be8 Kf8 32. Re6 Nxe6 33. Rxe6 Rg6 34. Bxg6 hxg6 35. Rxg6 Qxh5 36. Qg7+ Ke8 37. Qg8+ 1-0

[Event "Asia-chT 16th"]
[Site "Guangzhou"]
[Date "2010.11.23"]
[Round "6"]
[White "Kim, Saebyeok"]
[Black "Al Zendani, Zendan"]
[Result "0-1"]
[WhiteElo "1906"]
[BlackElo "2398"]
[PlyCount "66"]
[EventDate "2010.11.18"]
[EventType "team-swiss"]
[EventRounds "9"]
[EventCountry "CHN"]
[SourceTitle "CBM 139 Extra"]
[Source "ChessBase"]
[SourceDate "2011.01.05"]
[SourceVersion "1"]
[SourceVersionDate "2011.01.05"]
[SourceQuality "1"]
[WhiteTeam "Korea"]
[BlackTeam "Yemen"]
[WhiteTeamCountry "KOR"]
[BlackTeamCountry "YEM"]

1. e4 c5 2. Nf3 e6 3. d4 cxd4 4. Nxd4 a6 5. Bd3 Nc6 6. Nxc6 bxc6 7. 0-0 e5 8. c4 Nf6 9. Nd2 Be7 10. f4 h5 11. Nb3 Qb6+ 12. Kh1 Ng4 13. Qc2 d6 14. fxe5 Nxe5 15. Bf4 c5 16. Bxe5 dxe5 17. Nc1 Bg4 18. b3 Rb8 19. Qf2 Qg6 20. h3 Be6 21. Ne2 Rd8 22. Rad1 0-0 23. Nc3 Rd4 24. Bb1 Qg5 25. Nd5 Bd6 26. Qc2 Bxd5 27. exd5 g6 28. Rxd4 exd4 29. Qf2 Kg7 30. Bd3 h4 31. Qg1 Re8 32. Qf2 f5 33. Re1 Bg3 0-1

[Event "Asia-chT 16th"]
[Site "Guangzhou"]
[Date "2010.11.19"]
[Round "2"]
[White "Ahmad, Al Khatib"]
[Black "Kim, Saebyeok"]
[Result "0-1"]
[WhiteElo "1976"]
[BlackElo "1906"]
[PlyCount "62"]
[EventDate "2010.11.18"]
[EventType "team-swiss"]
[EventRounds "9"]
[EventCountry "CHN"]
[SourceTitle "CBM 139 Extra"]
[Source "ChessBase"]
[SourceDate "2011.01.05"]
[SourceVersion "1"]
[SourceVersionDate "2011.01.05"]
[SourceQuality "1"]
[WhiteTeam "Jordan"]
[BlackTeam "Korea"]
[WhiteTeamCountry "JOR"]
[BlackTeamCountry "KOR"]

1. d4 d5 2. Nf3 Nf6 3. Bg5 Ne4 4. Bf4 c5 5. e3 Qb6 6. Nbd2 Nxd2 7. Nxd2 cxd4 8. exd4 Qxd4 9. Bxb8 Rxb8 10. Bb5+ Bd7 11. Bxd7+ Kxd7 12. 0-0 e6 13. Qe2 Bd6 14. Rfd1 Qxb2 15. Qd3 Qe5 16. Nf3 Qf4 17. Qb5+ Ke7 18. Rd4 Qf6 19. c4 dxc4 20. Rad1 Rhd8 21. Qa5 Rbc8 22. Qxa7 Rc7 23. Qb6 Rcd7 24. Qb5 c3 25. Qd3 g5 26. Qe4 g4 27. Qxg4 c2 28. Rc1 Bxh2+ 29. Kxh2 Rxd4 30. Nxd4 Rxd4 31. Qg3 Qh6+ 0-1